Statistics for Les meubles et installations fixes

Click here to take the quiz!

General Stats

  • This quiz has been taken 2 times
  • The average score is 18 of 29

Answer Stats

EnglishFrench% Correct
wardrobearmoire
100%
deskbureau
100%
toilettoilette
100%
tabletable
100%
sofasofa
100%
showerdouche
100%
mirrormiroir
100%
dining tabletable à manger
100%
chairchaise
100%
bedlit
100%
chest of drawerscommode
50%
bathtubbaignoire
50%
tableclothnappe
50%
bedside tabletable de chevet
50%
shelfétagère
50%
pillowcasetaie d'oreiller
50%
pilloworeiller
50%
blanketcouverture
50%
kitchen sinkévier
50%
faucet OR taprobinet
50%
bathroom sinklavabo
50%
bookcasebibliothèque
50%
couchcanapé
50%
closet OR cupboardplacard
50%
armchairfauteuil
50%
office chairfauteuil de bureau
0%
dressing tablecoiffeuse
0%
bedspreadcouvre-lit
0%
coffee tabletable basse
0%

Score Distribution

Percentile by Number Answered

Percent of People with Each Score

Your Score History

You have not taken this quiz